000
00345pam a2200157a 44500
008
230515b1980 xxu||||| |||| 00| 0 eng d
020
_a
NULL
041
_a
ENGL
082
_a
/ALL
100
_a
ALLAN B.
245
_a
GRAPHIC ART ON THE COMMODORE 64
250
_a
N.D.
260
_a
NULL
_b
SUNSH
_c
1980
300
_a
120 PB
650
_a
NULL
999
_c
619813
_d
619813